Maggior numero di Gran Premi percorsi in testa in Formula 1 - Statistics

Statistiche generali
  • Questo quiz è stato fatto 45 volte
  • Il punteggio medio è 7 su 8
Statistiche sulle risposte
Nazione Gran premi percorsi in testa Pilota % Corretto
Brasile 19 Ayrton Senna
100%
Regno Unito 23 Lewis Hamilton
100%
Paesi Bassi 12 Max Verstappen
100%
Germania 15 Sebastian Vettel
100%
Germania 11 Michael Schumacher
93%
Regno Unito 9 Nigel Mansell
75%
Regno Unito 13 Jim Clark
68%
Regno Unito 11 Jackie Stewart
65%
Nessun quiz corrispondente trovato
Distribuzione punteggi
Percentuale di utenti per punteggio
Percentile per numero di risposta
I tuoi punteggi nel tempo
Non hai fatto questo quiz